MDQL
is popping MORE tags! Check the
thread
!
Quizzes
Events
Quiz Creation
Community
Videos
Private Events
Remove Ads
Sign In
Join for FREE
Feedback
Dark Mode
Quiz Categories
Sports
Geography
Music
Movies
Television
Just For Fun
Miscellaneous
History
Literature
Language
Science
Gaming
Entertainment
Religion
Holiday
For Kids
Quiz Lab
Recent
Popular Today
Quiz Kudos Today
Editor Picks
Curator Picks
Quizzes by...
Day
Popularity
Type
Ratings
Length
Year
Community
Subscriptions
Recent Discussions
Orange Saloon
Badges
Playlists
Quests
Create
Leaderboards
Showdown
Live 5
Trivia Bingo
Activity
Puzzle Library
Sporcle Events
Private Events
Virtual Trivia
Globe League
Become a Host
Pub Owners
SporcleCon
Opinionation
Our Games
Videos
Blog
Mobile Apps
Partnerships
Remove Ads and Go Orange
Feedback
Music
Pop Music
The Beatles
Song
Album
Lyrics
Bands
Singers
Artist
Clip
Rock
Rap
Classical
Billboard
Country Music
Kpop
Taylor Swift
Music
Pop Music
The Beatles
Song
Album
Lyrics
Bands
Singers
Artist
Clip
Rock
Rap
Classical
Billboard
Country Music
Kpop
Taylor Swift
Random Quiz
Search Sporcle
×
Quiz Lab
Quiz Lab
Music
ABBA
Type in answers that appear in a list
Type in answers that appear in a list
Classic
Best Score? Go Orange.
All released ABBA songs Stats
Can you name the released songs of ABBA?
By
kingart
14m
97 Questions
410 Plays
410 Plays
410 Plays
Comments
Comments
Give Quiz Kudos
Give Quiz Kudos
-
- Ratings
hide this ad
Replay
Link that replays current quiz
Next Quiz
Link to next quiz in quiz playlist
You Got
0%
They Got
Avg Score
60%
Avg Friend Score
Upgrade to see
Score Distribution
Jump to the score distribution portion of the page
Score
0/97
Timer
14:00
0
Plays Today
Songs
% Correct
Dancing Queen
91.7%
Waterloo
89.8%
Mamma Mia
89.8%
Fernando
84.9%
S.O.S.
84.6%
Ring Ring
84.4%
The Winner Takes It All
80.2%
Money, Money, Money
80%
Super Trouper
80%
Chiquitita
79.5%
Knowing Me, Knowing You
79.3%
Does Your Mother Know
79%
The Name Of The Game
78.8%
Thank You For The Music
78.8%
Gimme! Gimme! Gimme! (A Man After Midnight)
78.3%
Voulez-Vous
78.3%
Eagle
77.3%
Honey Honey
77.1%
Take A Chance On Me
77.1%
I Have A Dream
76.3%
I Do, I Do, I Do, I Do, I Do
72.9%
Angeleyes
71.2%
One Of Us
71.2%
The Day Before You Came
71.2%
Lay All Your Love On Me
70.2%
Summer Night City
70%
Under Attack
68%
People Need Love
67.3%
Arrival
67.3%
Happy New Year
67.3%
Our Last Summer
67.3%
When I Kissed The Teacher
67.1%
The Visitors
66.1%
Songs
% Correct
Tiger
64.6%
Head Over Heels
64.4%
Slipping Through My Fingers
62.9%
Rock Me
62.7%
When All Is Said And Done
62.4%
On And On And On
61.2%
Nina, Pretty Ballerina
61%
Hasta Mañana
61%
Cassandra
60.7%
So Long
60%
As Good As New
59.8%
The Piper
59.8%
Dum Dum Diddle
59%
He Is Your Brother
58.5%
Bang-A-Boomerang
58.3%
My Love, My Life
58.3%
I'm A Marionette
57.8%
Hey, Hey Helen
57.6%
King Kong Song
57.3%
Andante, Andante
57.3%
Kisses Of Fire
57.1%
Dance (While The Music Still Goes On)
56.6%
I Wonder (Departure)
56.3%
That's Me
56.1%
Soldiers
55.9%
Another Town, Another Train
55.4%
Elaine
55.1%
Lovers (Live A Little Longer)
53.7%
One Man, One Woman
52.9%
Move On
52.9%
Hole In Your Soul
52.9%
The Way Old Friends Do
52.4%
Why Did It Have To Be Me
52.2%
Songs
% Correct
Tropical Loveland
52%
The King Has Lost His Crown
52%
Disillusion
51.2%
I've Been Waiting For You
51.2%
Lovelight
51%
What About Livingstone
50.7%
Happy Hawaii
50.7%
If It Wasn't For The Night
50.7%
Me And I
50.7%
I Let The Music Speak
50.7%
Two For The Price Of One
50.5%
Like An Angel Passing Through My Room
50.5%
Love Isn't Easy (But It Sure Is Hard Enough)
49.5%
Intermezzo no. 1
49.5%
Sitting In The Palmtree
48.3%
Suzy-Hang-Around
48%
Man In The Middle
47.1%
Rock'N'Roll Band
46.1%
Me And Bobby And Bobby's Brother
45.9%
Watch Out
45.9%
Gonna Sing You My Lovesong
45.6%
My Mama Said
45.1%
I Saw It In The Mirror
43.7%
Should I Laugh Or Cry
42.9%
Crazy World
42.4%
I Am Just A Girl
41.5%
Santa Rosa
40.7%
She's My Kind Of Girl
40.5%
You Owe Me One
40%
Merry-Go-Round
39.8%
Medley
37.6%
Quiz Playlist
Details
Report
Send in Message
Add To Playlist
Classic:
Type in answers that appear in a list
Last Updated: Feb 16, 2017
Quiz Scoreboard
CHALLENGE
Sign Up to Join the Scoreboard
Show All
Scores
Hide
Comments
May contain spoilers
Recently Published
5x2 Blitz: Bands
by SL_Kpop136
Music
30s
Colored Red Africa Blitz
by spor1
Geography
30s
Find the 'City' Movie
by crazypaving
Movies
60s
More to Explore
Quiz From the Vault
Featured Blog Post
14 Easter Pick-up Lines to Find Eggs With
hide this ad
You Might Also Like...
Tags
ABBA
Today's Top Quizzes in Music
Browse Music
hide this ad
Today's Top Quizzes in ABBA
Browse ABBA
Top Contributed Quizzes in Music
1
5X2 Blitz: Bands II
2
5X2 Blitz: The Beatles
3
Taylor Swift All Songs (2024)
4
5X2 Blitz: Billboard
5
Taylor Swift Logic Puzzle II
6
5X2 Blitz: Billboard II
7
Taylor Swift Logic Puzzle
8
5X2 Blitz: Rock
9
5X2 Blitz: Singers
10
5X2 Blitz: Album
Explore More
Trending Topics
Anime
NBA
Harry Potter
Kpop
Crossword
Disney
Marvel
Country
Puzzle
Soccer
Pokémon
WWE
The Office
Song
NFL
hide this ad
More By:
kingart
Quiz
Plays
Rating
Category
Featured
Created
All released ABBA songs
410
3.00
Music
Sep 17, 2010
American Presidents 1861-1969
91
5.00
History
Feb 15, 2014
Go to Creator's Profile
Score Distribution
Quiz Creator Spotlight
kingart
Follow
Send a Message
Quizzes Created
-
Created Quiz Play Count
-
More By This Creator
Popular Quizzes Today
1
Colored Red Africa Blitz
2
Find the 'City' Movie
3
Find the US States - No Outlines Minefield
4
5x2 Blitz: Bands
5
The Countries of the World
6
Find the US States
7
US States
8
9x9 Crossword: Cartoon Network
More Music Quizzes
Which Band Member? II
Published
Trending Quizzes
Colored Red Europe Blitz I
Colored Red Europe Blitz II
Colored Red Africa Blitz II
Colored Red Europe Blitz III
Colored Red Africa Blitz III
Recently Updated
How Do You Spell That?
pecheneg
Godzilla Movies
pecheneg
Grab Bag: 4-10 Letters
pecheneg
2024 March Madness Bracket
pecheneg
Famous TV Couples
Peacemaker
Champions League XIs: Real Madrid
pecheneg
Largest US Cities 1790-2010
pecheneg
Rides in Walt Disney World
pecheneg
Most Oscar Losses (Acting)
pecheneg
Beyoncé Albums
pecheneg
Trending Topics
Anime
Harry Potter
NBA
Disney
Crossword
Kpop
Marvel
Pokémon
NFL
Puzzle
The Office
WWE
Country
Song
Soccer
Your Account Isn't Verified!
In order to create a playlist on Sporcle, you need to verify the email address you used during registration. Go to your
Sporcle Settings
to finish the process.
Report this User
Report this user for behavior that violates our
Community Guidelines
.
Details:
Send Report
Go to the Sporcle.com Mobile Site →
Comments